Auteurs francophones les plus connus - Statistiques

Statistiques générales
  • Ce quiz a été pris 611 fois
    429 depuis la dernière actualisation
  • Le résultat moyen est 27 sur 59
Statistiques - réponses
Prénom Nom % Correct
Victor Hugo
98%
Honoré de Balzac
93%
Alexandre Dumas
90%
Guy de Maupassant
89%
Emile Zola
88%
Marcel Proust
87%
Jean-Paul Sartre
85%
Albert Camus
82%
Jean de La Fontaine
75%
George Sand
75%
Jules Verne
75%
Jean-Jacques Rousseau
74%
Gustave Flaubert
73%
Charles Baudelaire
68%
Alfred de Musset
63%
Théophile Gautier
59%
Boris Vian
59%
Marcel Pagnol
58%
Arthur Rimbaud
58%
Joachim du Bellay
56%
Louis Ferdinand Céline
55%
Anatole France
54%
Guillaume Apollinaire
52%
Alphonse Daudet
50%
François-Marie Arouet Voltaire
50%
Alphonse de Lamartine
49%
Propser Mérimée
48%
Romain Gary
46%
Marguerite Yourcenar
46%
Denis Diderot
44%
Madame de La Fayette
42%
M Molière
39%
Pierre Corneille
36%
Françoise Sagan
36%
Simone de Beauvoir Beauvoir
35%
André Malraux
35%
Henri Beyle Stendhal
34%
Jean Racine
32%
Pierre de Ronsard
32%
Annie Ernaux
31%
André Gide
31%
Michel de Montaigne
31%
Louis Aragon
29%
Samuel Beckett
28%
Marc Levy
26%
Stéphane Mallarmé
25%
Hervé Bazin
24%
Paul Eluard
23%
André Breton
22%
Charles Louis de Secondat Montesquieu
22%
François Rabelais
21%
René Chateaubriand
18%
Joseph Kessel
18%
La Bruyère
16%
Jean Giono
15%
Paul Valéry
10%
Albert Cohen
8%
Georges Simenon
5%
Pierre Loti
4%
Aucun quiz correspondant
Distribution des résultats
% des personnes avec chaque résultat
Percentile par nombre de réponses
Votre historique - résultats
Vous n’avez pas pris ce quiz depuis la dernière actualisation